Gminy powiatu lęborskiego - Statystyki

Ogólne statystyki
  • Ten quiz został rozwiązany 32 razy
  • Średni wynik to 4 z 5
Statystyki odpowiedzi
Status gminy Gmina % Poprawnych
Wiejska Nowa wieś lęborska
95%
Miejska Łeba
91%
Wiejska Cewice
86%
Miejska Lębork
86%
Wiejska Wicko
73%
Nie znaleziono quizów pasujących do podanych kryteriów
Rozkład punktacji
Procent ludzi z każdym wynikiem
Percentyl według liczby udzielonych odpowiedzi
Twoja historia wyników
Nie rozwiązałeś tego quizu